Destinations from Klagenfurt Airport (KLU) - Statistics

General Stats
  • This quiz has been taken 22 times
  • The average score is 12 of 18
Answer Stats
Country Airline Destination % Correct
Ireland Ryanair Dublin / DUB
94%
Germany Liliair Frankfurt / FRA
94%
Austria Austrian Airlines Vienna / VIE
94%
UK Ryanair London Stansted / STN
89%
Germany Liliair Hamburg / HAM
83%
UK Ryanair Manchester / MAN
83%
Spain Ryanair Palma de Mallorca / PMI
83%
Spain Ryanair Alicante / ALC
72%
Portugal Smartwings Funchal / FNC
72%
Montenegro Air Montenegro Podgorica / TGD
67%
Germany Liliair Cologne / CGN
61%
Greece Smartwings Thessaloniki / SKG
61%
Belgium Ryanair Charleroi / CRL
56%
Cyprus Smartwings Pafos / PFO
56%
Greece Avanti Air Skiathos / JSI
39%
Italy Peoples Lamezia Terme / SUF
28%
Switzerland Peoples Altenrhein / ACH
11%
Greece Avanti Air Paros / PAS
6%
No matching quizzes found
Score Distribution
Percent of People with Each Score
Percentile by Number Answered
Your Score History
You have not taken this quiz